[Event "Hoogeveen Amateurs op 25th"]
[Site "Hoogeveen"]
[Date "2022.10.21"]
[Round "6.22"]
[White "Schol Grin, Anneke"]
[Black "Hut, Hans"]
[Result "1-0"]
[WhiteElo "1583"]
[BlackElo "1241"]
[PlyCount "82"]
[EventDate "2022.10.15"]
[EventType "swiss"]
[EventRounds "7"]
[EventCountry "NED"]
[SourceTitle "CBM 210 Extra"]
[Source "ChessBase"]
[SourceDate "2022.11.30"]
[SourceVersion "1"]
[SourceVersionDate "2022.11.30"]
[SourceQuality "1"]

1. Nf3 Nf6 2. c4 d6 3. d4 e6 4. Nc3 Nbd7 5. e4 h6 6. Be2 b6 7. 0-0 Bb7 8. Qc2 Be7 9. h3 a5 10. a4 Rb8 11. Be3 e5 12. Rfd1 0-0 13. dxe5 Ne8 14. exd6 Nxd6 15. e5 Ne8 16. Qf5 Bc6 17. e6 g6 18. exf7+ Kh7 19. Qe6 Nd6 20. Bd3 Nf6 21. Ne5 Bd7 22. Nxd7 Qxd7 23. Qxd7 Nxd7 24. Nd5 Rxf7 25. Nxc7 Bf6 26. Rab1 Rc8 27. Nb5 Nb7 28. Be4 Nbc5 29. Bc2 Nb7 30. b3 Be5 31. h4 Bb8 32. h5 Nf8 33. hxg6+ Nxg6 34. Bxb6 Kg7 35. Bd4+ Ne5 36. Be4 Nc5 37. Bd5 Rf4 38. Bxe5+ Bxe5 39. g3 Rg4 40. Bg2 Rf8 41. Rd5 Nd3 1-0

[Event "Hoogeveen Amateurs op 25th"]
[Site "Hoogeveen"]
[Date "2022.10.16"]
[Round "2.20"]
[White "Shah, Shrey"]
[Black "Hut, Hans"]
[Result "1-0"]
[WhiteElo "1528"]
[BlackElo "1241"]
[PlyCount "59"]
[EventDate "2022.10.15"]
[EventType "swiss"]
[EventRounds "7"]
[EventCountry "NED"]
[SourceTitle "CBM 210 Extra"]
[Source "ChessBase"]
[SourceDate "2022.11.30"]
[SourceVersion "1"]
[SourceVersionDate "2022.11.30"]
[SourceQuality "1"]

1. e4 e6 2. d4 d5 3. Nd2 c6 4. c3 Be7 5. Bd3 dxe4 6. Nxe4 Nf6 7. Nxf6+ Bxf6 8. Nf3 Nd7 9. Bf4 Nb6 10. 0-0 Nd5 11. Bg3 0-0 12. Re1 g6 13. Be5 Bg7 14. Bxg7 Kxg7 15. Qd2 Nf6 16. Ne5 Qc7 17. Re3 b5 18. Rh3 Ng8 19. Qf4 f6 20. Qh4 h6 21. Nxg6 e5 22. Rg3 Rf7 23. Nxe5+ Kf8 24. Nxf7 Qxf7 25. Re1 Be6 26. Bg6 Qd7 27. Rge3 Bf5 28. Qh5 Bxg6 29. Qxg6 Qg7 30. Re8+ 1-0